000
00342nam a2200145Ia 4500
008
221030s9999 xx 000 0 und d
041
_a
English
082
_a
105.23
100
_a
P. Raja
245
0
_a
Additional 8085 & 8086 Programs
_c
by P. Raja
260
_b
Umesh Pub
_a
Delhi
_c
2007
300
_a
46
650
_a
BE Computer
942
_c
BK
999
_c
3073
_d
3073